[Event "Paris op"]
[Site "Paris"]
[Date "1997.??.??"]
[Round "?"]
[White "Goldin, Alexander"]
[Black "Sellos, Didier"]
[Result "1-0"]
[WhiteElo "2590"]
[BlackElo "2455"]
[PlyCount "75"]
[EventDate "1997.??.??"]
[EventType "swiss"]
[EventRounds "9"]
[EventCountry "FRA"]
[SourceTitle "EXT 1999"]
[Source "ChessBase"]
[SourceDate "1998.11.16"]
[SourceVersion "1"]
[SourceVersionDate "1998.11.16"]
[SourceQuality "1"]

1. d4 Nf6 2. c4 e6 3. Nf3 b6 4. g3 Ba6 5. Qb3 Be7 6. Bg2 0-0 7. Nc3 Bb7 8. 0-0 h6 9. d5 c5 10. e4 exd5 11. cxd5 d6 12. e5 dxe5 13. Nxe5 Bd6 14. Nc4 Na6 15. Nb5 Bb8 16. d6 Bxg2 17. Kxg2 Nb4 18. Qf3 a6 19. Qxa8 axb5 20. Na3 Qd7 21. Qf3 Nbd5 22. Rd1 Qc6 23. b3 c4 24. bxc4 bxc4 25. Bb2 c3 26. Rac1 Ne4 27. d7 f5 28. Bxc3 Qxd7 29. Bb2 Kh7 30. Nc4 Qb7 31. Be5 g5 32. h3 b5 33. Bxb8 bxc4 34. Rxc4 g4 35. hxg4 Nxf2 36. Qxd5 Qxb8 37. Kxf2 fxg4+ 38. Kg2 1-0

[Event "FRA-chT"]
[Site "France"]
[Date "1996.??.??"]
[Round "?"]
[White "Anic, Darko"]
[Black "Sellos, Didier"]
[Result "1-0"]
[WhiteElo "2455"]
[BlackElo "2445"]
[PlyCount "146"]
[EventDate "1996.??.??"]
[EventType "team"]
[EventRounds "11"]
[EventCountry "FRA"]
[SourceTitle "CBM 055 Extra"]
[Source "ChessBase"]
[SourceDate "1997.01.01"]
[SourceVersion "1"]
[SourceVersionDate "1997.01.01"]
[SourceQuality "1"]

1. Nf3 c5 2. c4 Nf6 3. g3 b6 4. Bg2 Bb7 5. 0-0 e6 6. Nc3 Be7 7. d4 cxd4 8. Qxd4 d6 9. Rd1 a6 10. b3 Nc6 11. Qf4 Qc7 12. Ba3 Rd8 13. Rac1 Na7 14. e4 0-0 15. h3 Rfe8 16. Qe3 Nc8 17. e5 dxe5 18. Bxe7 Qxe7 19. Nxe5 Bxg2 20. Kxg2 Qc7 21. Ne2 Ne7 22. g4 h6 23. Nd4 Rd6 24. Rd3 Nd7 25. Nef3 Ng6 26. Rcd1 Qb7 27. Kg1 Nc5 28. R3d2 Ne4 29. Rd3 Ng5 30. Nxg5 hxg5 31. Qxg5 Red8 32. R3d2 e5 33. Ne2 Rxd2 34. Rxd2 Rxd2 35. Qxd2 Qf3 36. Qe3 Qc6 37. Qd3 e4 38. Qd5 Qf6 39. Qxe4 Qa1+ 40. Kh2 Qxa2 41. Qe3 Qa3 42. Kg3 Qd6+ 43. f4 Nf8 44. Nd4 g6 45. h4 Nd7 46. g5 a5 47. h5 gxh5 48. Kh4 Nf8 49. Kxh5 Qd7 50. Kh4 a4 51. bxa4 Qxa4 52. Qd3 Qa1 53. Nf3 Qc1 54. Kg3 Ne6 55. Qe4 Nf8 56. f5 Qc3 57. Qd5 Kg7 58. Kg4 Qc2 59. Qd4+ Kg8 60. Kf4 Qc1+ 61. Kg3 Qb1 62. Qd5 Kg7 63. Kf4 Qc1+ 64. Ke4 Nh7 65. Qd4+ Kg8 66. Ke5 Qf1 67. Qd5 Qg2 68. Kf4 Kg7 69. Qd4+ Kg8 70. Qxb6 Qf1 71. Qd8+ Nf8 72. Qd5 Kg7 73. c5 f6 1-0

[Event "Paris op"]
[Site "Paris"]
[Date "1996.??.??"]
[Round "5"]
[White "Kaminski, Marcin"]
[Black "Sellos, Didier"]
[Result "1/2-1/2"]
[WhiteElo "2525"]
[BlackElo "2455"]
[PlyCount "68"]
[EventDate "1996.04.??"]
[EventType "swiss"]
[EventRounds "9"]
[EventCountry "FRA"]
[SourceTitle "EXT 1997"]
[Source "ChessBase"]
[SourceDate "1996.11.15"]
[SourceVersion "1"]
[SourceVersionDate "1996.11.15"]
[SourceQuality "1"]

1. e4 c5 2. Nf3 e6 3. d4 cxd4 4. Nxd4 a6 5. Bd3 d6 6. 0-0 Nf6 7. Kh1 g6 8. Bg5 Bg7 9. f4 Qc7 10. Nc3 0-0 11. f5 Nc6 12. Nxc6 bxc6 13. e5 dxe5 14. Bxf6 Bxf6 15. fxg6 fxg6 16. Ne4 Bg7 17. Rxf8+ Kxf8 18. Ng5 Bh6 19. Qf3+ Kg8 20. Rf1 Qe7 21. Ne4 Bb7 22. Qh3 Bf4 23. Bc4 Re8 24. Qb3 Ba8 25. Rd1 Kg7 26. Bxe6 Rd8 27. Rxd8 Qxd8 28. Qd3 Qxd3 29. cxd3 a5 30. Nd6 Kf6 31. Bc8 c5 32. Nc4 Bd5 33. b3 Bxc4 34. bxc4 a4 1/2-1/2

[Event "Paris op"]
[Site "Paris"]
[Date "1996.??.??"]
[Round "2"]
[White "Marcantoni, Herve"]
[Black "Sellos, Didier"]
[Result "0-1"]
[WhiteElo "2305"]
[BlackElo "2455"]
[PlyCount "84"]
[EventDate "1996.04.??"]
[EventType "swiss"]
[EventRounds "9"]
[EventCountry "FRA"]
[SourceTitle "EXT 1997"]
[Source "ChessBase"]
[SourceDate "1996.11.15"]
[SourceVersion "1"]
[SourceVersionDate "1996.11.15"]
[SourceQuality "1"]

1. e4 c5 2. Nf3 e6 3. d4 cxd4 4. Nxd4 a6 5. Bd3 Ne7 6. 0-0 Nbc6 7. Nxc6 Nxc6 8. Be3 Be7 9. f4 d6 10. Nd2 0-0 11. Qh5 g6 12. Qh6 Bf6 13. f5 Ne5 14. Nf3 Ng4 15. Qf4 Nxe3 16. Qxe3 Bxb2 17. Rad1 Qa5 18. fxg6 hxg6 19. Qh6 Bg7 20. Qh4 Qh5 21. Qe7 Qc5+ 22. Kh1 b5 23. e5 Ra7 24. Qxd6 Qxd6 25. exd6 Rd8 26. c4 bxc4 27. Bxc4 Bf8 28. d7 Raxd7 29. Rxd7 Rxd7 30. h3 Rc7 31. Bb3 Bg7 32. Ng5 Bb2 33. Ne4 Be5 34. Nd2 Bb7 35. Nc4 Bg3 36. Ne3 Rc3 37. Ng4 Kg7 38. Nh2 Bc6 39. Nf3 Bf4 40. Ng1 Bc7 41. Nf3 Bf4 42. Ng1 g5 0-1

[Event "Paris op"]
[Site "Paris"]
[Date "1996.??.??"]
[Round "3"]
[White "Sellos, Didier"]
[Black "Shcherbakov, Ruslan"]
[Result "1/2-1/2"]
[WhiteElo "2455"]
[BlackElo "2565"]
[PlyCount "53"]
[EventDate "1996.04.??"]
[EventType "swiss"]
[EventRounds "9"]
[EventCountry "FRA"]
[SourceTitle "EXT 1997"]
[Source "ChessBase"]
[SourceDate "1996.11.15"]
[SourceVersion "1"]
[SourceVersionDate "1996.11.15"]
[SourceQuality "1"]

1. d4 d5 2. c4 e6 3. Nc3 c6 4. e3 Bd6 5. Nf3 f5 6. Ne5 Nf6 7. f4 0-0 8. Be2 b6 9. 0-0 Ba6 10. Bd2 Nfd7 11. Qb3 Nxe5 12. fxe5 Be7 13. cxd5 cxd5 14. Bxa6 Nxa6 15. Nb5 Qd7 16. a4 Rfc8 17. Rfc1 Nc7 18. Nxc7 Rxc7 19. Rxc7 Qxc7 20. Rc1 Qd7 21. Qc2 Rd8 22. Qc6 Kf7 23. Kf2 Qxc6 24. Rxc6 Ke8 25. b4 Kd7 26. b5 Rc8 27. Rxc8 1/2-1/2

[Event "Le Touquet op 10th"]
[Site "Le Touquet"]
[Date "1995.??.??"]
[Round "?"]
[White "Bernard, Christophe"]
[Black "Sellos, Didier"]
[Result "1/2-1/2"]
[WhiteElo "2280"]
[BlackElo "2410"]
[PlyCount "85"]
[EventDate "1995.10.??"]
[EventType "swiss"]
[EventRounds "7"]
[EventCountry "FRA"]
[SourceTitle "EXT 2000"]
[Source "ChessBase"]
[SourceDate "1999.11.16"]
[SourceVersion "1"]
[SourceVersionDate "1999.11.16"]
[SourceQuality "1"]

1. d4 d5 2. c4 dxc4 3. Nf3 Nf6 4. e3 Bg4 5. Bxc4 e6 6. h3 Bh5 7. 0-0 a6 8. Be2 c5 9. Qb3 Qc7 10. Nc3 Nbd7 11. Bd2 cxd4 12. exd4 Bd6 13. Rac1 Qb6 14. Qxb6 Nxb6 15. g4 Bg6 16. Ne5 Rd8 17. Rfd1 Bb8 18. Bg5 h6 19. Bh4 Bh7 20. Bf3 g5 21. Bg3 Nbd5 22. Nxd5 exd5 23. Nd3 Bxg3 24. fxg3 Be4 25. Bxe4 dxe4 26. Nc5 0-0 27. Nxb7 Rb8 28. Rc6 Rxb7 29. Rxf6 Rxb2 30. Rf2 Rb4 31. Re2 Re8 32. Kf2 Ra4 33. Rdd2 Re6 34. Re3 Kf8 35. Rb3 Rc4 36. Ke3 a5 37. d5 Rf6 38. d6 Rc8 39. Kxe4 Re8+ 40. Kd5 Rxd6+ 41. Kxd6 Rd8+ 42. Ke5 Rxd2 43. Ra3 1/2-1/2